| 000 | 00719nas a2200229 4500 | ||
|---|---|---|---|
| 001 | BR6800150 | ||
| 003 | BR-BrBNA | ||
| 005 | 20231205082248.0 | ||
| 007 | ta | ||
| 008 | 230509b bl.|||p| |||| 00| 00por d | ||
| 040 |
_aBR-BrBNA _bpor _cBiblioteca Nacional de Agricultura |
||
| 041 | _a(Pt) | ||
| 072 | _aQ10 | ||
| 100 | 1 | _aQuast, D.G. | |
| 245 | 1 | _aTecnologia do Cafe soluvel [Industria alimenticia; Brasil] | |
| 650 | _aTecnologia de alimento | ||
| 650 | _aCafe soluvel | ||
| 650 | _aIndustria alimenticia | ||
| 773 | 0 |
_tBoletim do Centro Tropical de Pesquisas e Tecnologia de Alimentos (Brazil) _x _g(Jun 1968), (no. 14) p. 37-70 _wBR6800150 |
|
| 909 |
_a202311 _bLúcia _c55 _dLúcia Elande |
||
| 942 |
_2AGRIS _n0 _cANA |
||
| 999 |
_c90406 _d90406 |
||